000
00261nam a2200097Ia 4500
001
1227912
005
20250827093032.0
008
250824s9999 xx 000 0 und d
245
0
_a
ALAMUT KALESİ
_c
ORHAN YENİARAS
260
_b
PANAMA YAYINLARI
999
_c
1227912
_d
1227912